| 000 | 01280nam a22003857a 4500 | ||
|---|---|---|---|
| 003 | CHAP | ||
| 005 | 20220329133721.0 | ||
| 008 | 971013s1992 r 00010 d | ||
| 010 | _a9887 | ||
| 011 | _a10859 | ||
| 035 | _a10097 | ||
| 040 | _cCHAP | ||
| 082 |
_a632.7 _bA9 |
||
| 100 | 0 | 0 |
_aAyres, P. G. _eed. _99026 |
| 245 |
_aPests and pathogens _b: plant responses to foliar attack |
||
| 260 |
_aOxford : _bBios Scientific, _c1992 |
||
| 300 | _a203 p. | ||
| 490 | _aEnvironmental plant biology | ||
| 590 |
_aBATCH-UPD _b10 _c20130109 _lUCH01 _h2318 |
||
| 590 |
_aBATCH-UPD _b10 _c20130110 _lUCH01 _h1141 |
||
| 590 |
_aBATCH-UPD _b10 _c20130409 _lUCH01 _h1839 |
||
| 590 |
_aBATCH-UPD _b10 _c20130410 _lUCH01 _h0727 |
||
| 590 |
_aBATCH-UPD _b10 _c20130914 _lUCH01 _h0021 |
||
| 590 |
_aCONVERSION _b10 _c20130109 _lUCH01 _h1306 |
||
| 650 | 1 | 4 |
_aAgricultura _xPlagas. _91764 |
| 650 | 1 | 4 |
_aDefoliación. _931505 |
| 650 | 1 | 4 |
_aFotosíntesis. _942737 |
| 650 | 1 | 4 |
_aInteracción huésped-parásito. _959512 |
| 650 | 1 | 4 |
_aPlantas _xMecanismos de defensa. _988848 |
| 650 | 1 | 4 |
_aPlantas _xResistencia a plagas. _988885 |
| 830 | 0 |
_aEnvironmental plant biology _937179 |
|
| 901 | _aBK | ||
| 942 | _cLIBRO | ||
| 949 |
_a632.7 A9 _bBC _cLIBRO _d33724000180105 _eLIBRO _gI.169868 _h85371 _i10097 _si _t261.45 |
||
| 999 |
_c9887 _d9887 |
||